FINANCIAL MANAGEMENT AFTER GLOBALISATION (Record no. 189357)

MARC details
000 -LEADER
fixed length control field 00395nam a22001697a 4500
003 - CONTROL NUMBER IDENTIFIER
control field OSt
020 ## - INTERNATIONAL STANDARD BOOK NUMBER
International Standard Book Number 9789382226864
082 ## - DEWEY DECIMAL CLASSIFICATION NUMBER
Classification number 658.15
Item number SAM/FI
100 ## - MAIN ENTRY--PERSONAL NAME
Personal name SAMUEL ANGLES
245 ## - TITLE STATEMENT
Title FINANCIAL MANAGEMENT AFTER GLOBALISATION
250 ## - EDITION STATEMENT
Edition statement 1ST
260 ## - PUBLICATION, DISTRIBUTION, ETC. (IMPRINT)
Place of publication, distribution, etc. NEW DELHI
Name of publisher, distributor, etc. RANDOM EXPORTS
Date of publication, distribution, etc. 2012
300 ## - PHYSICAL DESCRIPTION
Extent 320
650 ## - SUBJECT ADDED ENTRY--TOPICAL TERM
Topical term or geographic name as entry element THE DEVELOPMENT
700 ## - ADDED ENTRY--PERSONAL NAME
Personal name SAMUEL ANGLES
942 ## - ADDED ENTRY ELEMENTS (KOHA)
Source of classification or shelving scheme Dewey Decimal Classification
Koha item type Books (General)
Holdings
Withdrawn status Lost status Source of classification or shelving scheme Damaged status Not for loan Home library Current library Date acquired Cost, normal purchase price Total Checkouts Full call number Date last seen Price effective from Koha item type
    Dewey Decimal Classification     College of Co-operation, Banking & Management Library, Vellanikkara College of Co-operation, Banking & Management Library, Vellanikkara 15/04/2016 0.00   658.15 SAM/FI 15/04/2016 15/04/2016 Books (General)
Kerala Agricultural University Central Library
Thrissur-(Dt.), Kerala Pin:- 680656, India
Ph : (+91)(487) 2372219
E-mail: librarian@kau.in
Website: http://library.kau.in/